00850nam a2200181 a 450000100100000000500170001000800410002704000250006808200160009310000370010924501010014626000620024730000290030904900090033895201840034795201200053199900170065100003238520200930065620.0110715s1936 dr c 000 0 spa d aDO-SdBNPbspacBNPHU axxxxbM379c1 aMartín, Antonio Edmundo94463610aConsideraciones sobre el problema económico universal del momento /cAntonio Edmundo Martín. aCiudad Trujillo, República Dominicana :b[s.n.],c1936. a68 p. :bretr. ;c23 cm. aBNPD 001050718RVaPDbPDcHDd2011-07-15iLF1l0oxxxx M379cp32385-10r2020-06-25w2020-06-25y1zPerteneció a la biblioteca personal de Carlos Larrazábal Blanco.ZNo se presta 001150718RVaPDbPDcMId2011-07-18iLF1l0oxxxx M379cp32385-20r2020-06-25te. 2w2020-06-25y1ZNo se presta c31876d31876